000 00522nam a2200169 i 4500
001 46221
003 ES-MaACL
005 20230906161338.0
007 t|
008 030328s1968 sp ||||1| spa d
100 1 _aCombaluzier, Carlos.
_939959
245 1 0 _aIntroducción a la geología /
_cCharles Combaluzier ; traducción de Juan Godo.
260 _aBarcelona :
_bMartínez Roca,
_c1968.
300 _a188 p., 8 lám. :
_bil. ;
_c18 cm.
700 1 _aGodo Costa, Juan.
_957532
852 _aES-MaACL
_jC-36309
_bR.68164
999 _c46221
_d46221